000 00479nam a2200181Ia 4500
001 25117
005 20260414151128.0
008 260414t2012||||xx |||||||||||||| ||spa||
041 _aESP
082 _a346.21
_bR93
100 _aRuiz-Rico Ruiz, Catalina
_eAUT
245 0 _aEl derecho constitucional a conciliar la vida laboral, familiar y personal
_b
260 _c2012
300 _a195 páginas :
_c21 cm.
650 _aDER
654 _aCDE
942 _cLIB
_dJUS
_fJUS
_2ddc
_n
999 _c25117
_d25117